007890000a22002410004500003001100000005001700011008004100028020001500069040003900084041000800123082001300131100002100144245005100165260004600216300004200262650004100304650002200345650003000367650004100397942000700438952008700445999001500532LK-CoMWRAF20240106130316.0230817t2003 ||||| |||| 00| 0 eng d a817108558X aLK-CoMWRAFdLK-CoMWRAFeLK-CoMWRAF aeng a200bKAI aKaitholi, George a We are one : bas the sacred scriptures teach aNew Delhi :bBetter Yourself Books,c2003 a439 p. ; 23 cmbBibliography included aIndia- Religion- Quotations, maxims, aPhilosophy, Indic aSacred books- Inspiration aReligions (belief systems, cultures) cBK 00104070aMAINbMAINd2023-08-17l0o200 KAIpRAF981r2023-08-17w2023-08-17yBK c2148d2148